|
|
|
|
| LEADER |
00000cam a22000004a 4500 |
| 001 |
musev2_48894 |
| 003 |
MdBmJHUP |
| 005 |
20230905045100.0 |
| 006 |
m o d |
| 007 |
cr||||||||nn|n |
| 008 |
161119s2009 nju o 00 0 eng d |
| 020 |
|
|
|a 9781400833269
|
| 020 |
|
|
|z 9780691173986
|
| 020 |
|
|
|z 9780691066639
|
| 035 |
|
|
|a (OCoLC)1016614052
|
| 040 |
|
|
|a MdBmJHUP
|c MdBmJHUP
|
| 100 |
0 |
|
|a Vālmīki.
|
| 240 |
1 |
0 |
|a Rāmāyaṇa.
|p Yuddhakāṇḍa.
|l English
|
| 245 |
1 |
4 |
|a The Rāmāyaṇa of Vālmīki: An Epic of Ancient India, Volume VI :
|b Yuddhakāṇḍa /
|p Yuddhakāṇḍa /
|c translation and annotation by Robert P. Goldman and Sally J. Sutherland Goldman.
|p Yuddhakāṇḍa /
|
| 264 |
|
1 |
|a Princeton :
|b Princeton University Press,
|c 2009.
|
| 264 |
|
3 |
|a Baltimore, Md. :
|b Project MUSE,
|c 2018
|
| 264 |
|
4 |
|c ©2009.
|
| 300 |
|
|
|a 1 online resource (1632 pages).
|
| 336 |
|
|
|a text
|b txt
|2 rdacontent
|
| 337 |
|
|
|a computer
|b c
|2 rdamedia
|
| 338 |
|
|
|a online resource
|b cr
|2 rdacarrier
|
| 490 |
0 |
|
|a Princeton Library of Asian Translations ;
|v v. 6
|
| 588 |
|
|
|a Description based on print version record.
|
| 600 |
0 |
0 |
|a Vālmīki.
|t Rāmāyaṇa.
|p Yuddhakāṇḍa.
|
| 650 |
|
7 |
|a RELIGION
|x Comparative Religion.
|2 bisacsh
|
| 630 |
0 |
7 |
|a Rāmāyaṇa (Vālmīki)
|2 fast
|0 (OCoLC)fst01356702
|
| 655 |
|
7 |
|a Electronic books.
|2 local
|
| 700 |
1 |
|
|a Van Nooten, Barend A.
|
| 700 |
1 |
|
|a Goldman, Sally Sutherland.
|
| 700 |
1 |
|
|a Goldman, Robert P.
|
| 710 |
2 |
|
|a Project Muse.
|e distributor
|
| 830 |
|
0 |
|a Book collections on Project MUSE.
|
| 856 |
4 |
0 |
|z Texto completo
|u https://projectmuse.uam.elogim.com/book/48894/
|
| 945 |
|
|
|a Project MUSE - Custom Collection
|
| 945 |
|
|
|a Project MUSE - Archive Complete Supplement VI
|
| 945 |
|
|
|a Project MUSE - Archive Philosophy and Religion Supplement VI
|
| 945 |
|
|
|a Project MUSE - Archive Asian and Pacific Studies Supplement V
|